000
00306nam a2200133Ia 4500
008
231129s1994||||xx |||||||||||||| ||spa||
040
_b
spa
082
_a
658.57 P232s
100
_a
Parisca Simon A.
245
0
_a
Sistema nacional de innovacion
260
_c
1994
264
_a
Secab
942
_2
ddc
_c
BKS
999
_c
24672
_d
24672